Myocardial perfusion imaging can accurately assess ischemic preconditioning: the quantification of total ischemic burden

Podrobná bibliografia
Hlavní autori: Peovska, I. (Autor), Vavlukis, M. (Autor), Pop Gorceva, D. (Autor), Hristovski, Z. (Autor), Taneva, B. (Autor), Bosevski, M. (Autor), Pavlovic, J.M (Autor), Busletic, O. (Autor)
Médium: Článok
Jazyk:slovenčina
angličtina
ISSN:0006-9248
Predmet:

MARC

LEADER 00000nab a2200000 a 4500
001 vtls000881005
003 SK-MaSNL
005 20260304215129.0
008 250429c2004 xo 0 slo
015 |a SNBRB2004/08-24808 
035 |a CLN000232528 
035 |a urn:nbn:sk:snk-absy4 
035 |a (urnnbn)urn:nbn:sk:snk:ar-a03idl 
035 |a (uuid)88b64f05-dd3c-4b48-afea-2a1d3e6fa530 
040 |a SNKBUCL  |b slo  |c SNKBUCL  |e AACR2 
041 0 |a eng 
044 |a xo  |c SK 
080 |a 616.12-008.4-089:061.3  |2 1997 
245 0 0 |a Myocardial perfusion imaging can accurately assess ischemic preconditioning: the quantification of total ischemic burden  |c J.M. Pavlovic ... [et al.] 
650 0 7 |a regionálna perfúzia  |2 MESH  |9 1441325 
650 0 7 |a angina pectoris  |2 MESH  |9 2422 
650 0 7 |a koronarografia  |2 MESH  |9 14766 
650 0 7 |a choroba koronárna  |2 MESH  |9 1078490 
650 0 7 |a faktory rizikové  |2 MESH  |9 838956 
650 0 7 |a ischémia myokardu  |2 MESH  |9 2498 
650 0 7 |a štúdie klinické  |2 MESH  |9 840835 
650 0 7 |a abstrakty z kongresu  |2 MESH  |9 168204 
655 7 |a články z novín a časopisov  |2 snkbucl  |9 267496 
700 1 |a Peovska, I.  |4 aut  |9 1139542 
700 1 |a Vavlukis, M.  |4 aut  |9 1141379 
700 1 |a Pop Gorceva, D.  |4 aut  |9 1549545 
700 1 |a Hristovski, Z.  |4 aut  |9 1549546 
700 1 |a Taneva, B.  |4 aut  |9 1141378 
700 1 |a Bosevski, M.  |4 aut  |9 1139544 
700 1 |a Pavlovic, J.M.  |4 aut  |9 1549547 
700 1 |a Busletic, O.  |4 aut  |9 1549548 
773 0 |t Bratislavské lekárske listy  |g Vol. 105, no. 4 (2004), p. 175-176  |x 0006-9248 
850 |a Slovenská národná knižnica 
852 |a Slovenská národná knižnica 
958 |a article27 
958 |a MI 
958 |a OND 
958 |a EUIPO 
992 |a RBX 
999 |c 3144919  |d 3146849